书目信息 |
| 题名: |
AutoCAD 2004经典设计案例教程
|
|
| 作者: | 陈功平 , 王淑云 编著 | |
| 分册: | ||
| 出版信息: | 北京 清华大学出版社 2005.1 |
|
| 页数: | 337页 | |
| 开本: | 26cm | |
| 丛书名: | ||
| 单 册: | ||
| 中图分类: | TP391.72-43 | |
| 科图分类: | TP391.72 | |
| 主题词: | 计算机辅助设计--ji suan ji fu zhu she ji--应用软件--高等教育--职业教育--教材 , 计算机辅助设计--ji suan ji fu zhu she ji , 应用软件--ying yong ruan jian | |
| 电子资源: | ||
| ISBN: | 7-302-09791-7 | |
| 000 | 01210cam0 2200325 450 | |
| 001 | 012005000832 | |
| 005 | 20051110101010.1 | |
| 010 | @a7-302-09791-7@dCNY23.00 | |
| 100 | @a20050716d2005 em y0chiy0121 ea | |
| 101 | 0 | @achi |
| 102 | @aCN@b110000 | |
| 105 | @af z 000yy | |
| 200 | 1 | @aAutoCAD 2004经典设计案例教程@AAutoCAD 2004 jing dian she ji an li jiao cheng@f陈功平,王淑云编著 |
| 210 | @a北京@c清华大学出版社@d2005.1 | |
| 215 | @a337页@c图@d26cm | |
| 300 | @a计算机辅助设计与工程应用教材 | |
| 304 | @a北京计算机教育培训中心 北京智亦帆文化交流有限公司组编 | |
| 330 | @a本书主要包括:AutoCAD2004的安装和基本操作、平面设计经典案例、室内装饰经典案例、建筑与室内三维建模经典案例等内容。 | |
| 333 | @a阅读对象:高等院校相关专业师生等 | |
| 606 | 0 | @a计算机辅助设计@Aji suan ji fu zhu she ji@x应用软件@x高等教育@x职业教育@j教材 |
| 606 | 0 | @a计算机辅助设计@Aji suan ji fu zhu she ji |
| 606 | 0 | @a应用软件@Aying yong ruan jian |
| 610 | 0 | @aAutoCAD2004 |
| 690 | @aTP391.72-43@v4 | |
| 692 | @aTP391.72 | |
| 701 | 0 | @a陈功平@Achen gong ping@4编著 |
| 701 | 0 | @a王淑云@Awang shu yun@4编著 |
| 801 | 0 | @aCN@bSRXX@c20050310 |
| 801 | 2 | @aCN@bSRXX@c20051110 |
| 905 | @a10447@dTP391.72@eC420 | |
| AutoCAD 2004经典设计案例教程/陈功平,王淑云编著.-北京:清华大学出版社,2005.1 |
| 337页:图;26cm |
| 计算机辅助设计与工程应用教材.-使用对象:阅读对象:高等院校相关专业师生等 |
| ISBN 7-302-09791-7:CNY23.00 |
| 本书主要包括:AutoCAD2004的安装和基本操作、平面设计经典案例、室内装饰经典案例、建筑与室内三维建模经典案例等内容。 |
| ● |
| 相关链接 |
|
|
|
正题名:AutoCAD 2004经典设计案例教程
索取号:TP391.72/C420
 
预约/预借
| 序号 | 登录号 | 条形码 | 馆藏地/架位号 | 状态 | 备注 |
| 1 | 555281 | 205552819 | 自科二线504/504自科库 7排1列1层/ [索取号:TP391.72/C420] | 在馆 | |
| 2 | 555282 | 205552828 | 自科库301/301自科库 109排1列1层/ [索取号:TP391.72/C420] | 在馆 | |
| 3 | 555283 | 205552837 | 自科二线504/504自科库 18排2列4层/ [索取号:TP391.72/C420] | 在馆 |